000 00787cam a22002653a 4500
001 706
003 PGUSA
005 20140828082951.0
008 961101s1996||||xxu|||||s|||||000 1 eng d
040 _aPGUSA
_beng
042 _adc
050 4 _aPR
100 1 _aHornung, E. W.
_q(Ernest William),
_d1866-1921
245 1 4 _aThe Amateur Cracksman
_h[electronic resource] /
_cE. W. Hornung
260 _bProject Gutenberg,
_c1996
506 _aPublic domain in the USA.
516 _aElectronic text
653 _aCriminals -- Fiction
653 _aEngland -- Fiction
653 _aRaffles (Fictitious character) -- Fiction
653 _aDetective and mystery stories, English
830 0 _aProject Gutenberg
_v706
856 4 0 _uhttp://www.gutenberg.org/ebooks/706
942 _cEB
999 _c230057
_d230057